00471nam a2200145Ia 4500003000900000008004100009040001600050080001500066100001800081245013400099260004700233300001500280650001600295650001400311IN-BaIIA211028s9999 xx 000 0 eng d cIIA Library a537bBEC-4 aBecquerel, M. 0aTraite experimental de L'electricite et du magnetismebtome quatriemecM. Becquerel  aParisbFirmin Didot Freres Librairesc1836 axxv, 327p. aElectricity aMagnetism